Loading...
Science - Other Science | 0 | 6 | 0 | 0 | 60 | 60 | 84.17 | 1 | 2 |
Science - Chemistry | 0 | 4 | 1 | 0 | 35 | 101 | 114.50 | 0 | 0 |
Science - Biology | 0 | 3 | 0 | 0 | 30 | 82 | 93.67 | 0 | 1 |
Social Science | 0 | 3 | 1 | 0 | 25 | 83 | 107.67 | 1 | 1 |
Fine Arts - Other Fine Arts | 0 | 2 | 0 | 0 | 20 | 87 | 105.00 | 1 | 1 |
Geography | 0 | 2 | 0 | 0 | 20 | 82 | 103.00 | 0 | 0 |
Literature - World Literature | 0 | 1 | 0 | 0 | 10 | 85 | 85.00 | 0 | 1 |
Philosophy | 0 | 1 | 0 | 0 | 10 | 112 | 112.00 | 0 | 1 |
Literature - British Literature | 0 | 1 | 0 | 0 | 10 | 99 | 99.00 | 0 | 0 |
Fine Arts - Painting & Sculpture | 0 | 1 | 0 | 0 | 10 | 120 | 120.00 | 0 | 0 |
History - Other History | 0 | 1 | 0 | 0 | 10 | 92 | 92.00 | 0 | 0 |
History - World History | 0 | 1 | 0 | 0 | 10 | 111 | 111.00 | 0 | 0 |
Literature - American Literature | 0 | 1 | 0 | 1 | 10 | 154 | 154.00 | 0 | 0 |
Current Events | 0 | 1 | 0 | 0 | 10 | 125 | 125.00 | 0 | 0 |
Science - Physics | 0 | 0 | 1 | 0 | -5 | 0.00 | 0 | 0 |